Guaracha: tiempos viejos tiempos nuevos /
El libro examina la música guaracha desde una perspectiva histórica y cultural, explorando su evolución a lo largo del tiempo y su capacidad de adaptación a diversos contextos. Analiza cómo la guaracha ha mantenido su esencia a lo largo de las épocas, reflejando y contribuyendo a los cambios sociale...
Guardado en:
| Hovedforfatter: | |
|---|---|
| Format: | Ukendt |
| Sprog: | Spanish |
| Udgivet: |
Michoacán, México :
Fonapas,
|
| Fag: | |
| Tags: |
Tilføj Tag
Ingen Tags, Vær først til at tagge denne postø!
|
MARC
| LEADER | 00000 a2200000 04500 | ||
|---|---|---|---|
| 001 | 40290 | ||
| 003 | cru CIDCAS/IIS | ||
| 005 | 20230926115456.0 | ||
| 008 | 050602s1980 mx spa d | ||
| 020 | |a [sin ISBN] | ||
| 040 | |c cru CIDCAS/IIS | ||
| 090 | |a 0004 M843g | ||
| 100 | |a Moreno García, Heriberto | ||
| 245 | |a Guaracha: |b tiempos viejos tiempos nuevos / |c Heriberto Moreno García | ||
| 260 | |a Michoacán, México : |b Fonapas, | ||
| 300 | |a 215 páginas : tablas, mapas, fotos | ||
| 520 | |a El libro examina la música guaracha desde una perspectiva histórica y cultural, explorando su evolución a lo largo del tiempo y su capacidad de adaptación a diversos contextos. Analiza cómo la guaracha ha mantenido su esencia a lo largo de las épocas, reflejando y contribuyendo a los cambios sociales y musicales. A través de un enfoque crítico y enriquecedor, el autor desentraña cómo esta música ha influido en la vida de las personas y en la cultura en general, sirviendo como un vínculo entre el pasado y el presente. El análisis destaca su papel como reflejo y agente de transformaciones sociales, mientras permanece arraigada en la identidad musical de la sociedad. RAR 01/2023 | ||
| 650 | 0 | |2 OCDE |9 11629 |a TRANSFORMACIONES SOCIALES | |
| 650 | 0 | |2 UNESCO |9 10161 |a MUSICA POPULAR | |
| 942 | |2 ddc |c LI |h 05.03.04 m843g |6 050304_M843G | ||
| 999 | |c 13448 |d 13448 | ||
